| 000 | 00405nam a2200145 a 4500 | ||
|---|---|---|---|
| 001 | 1259 | ||
| 003 | CDMR | ||
| 005 | 20130717121826.0 | ||
| 008 | 130130s2002||||||||||||||||||||||||||||d | ||
| 040 |
_aCDMR _bcat _cCPC GIRONA |
||
| 100 | 1 |
_aRosales, Emilio _9979 |
|
| 245 | 1 | 0 |
_aEstética y medios de comunicación. _bSueños que el dinero puede comprar _cRosales, Emilio |
| 260 |
_c2002 _bTecnos |
||
| 942 |
_cMON _2udc |
||
| 999 |
_c1259 _d1259 |
||